Catálogo público

Influencia del mes de parto y número de partos en la producción láctea en un hato lechero de Texcoco y México, D. F. / (Record no. 163688)

MARC details
000 -CABECERA
campo de control de longitud fija 00837nam a2200265Ia 4500
001 - NÚMERO DE CONTROL
campo de control Z_578
003 - IDENTIFICADOR DEL NÚMERO DE CONTROL
campo de control CHAP
008 - DATOS DE LONGITUD FIJA--INFORMACIÓN GENERAL
campo de control de longitud fija 220113s1971 xx 000 0 und d
010 ## - NÚMERO DE CONTROL DE LA BIBLIOTECA DEL CONGRESO
Número de control de LC 163688
040 ## - FUENTE DE LA CATALOGACIÓN
Centro/agencia transcriptor CHAP
090 ## - LOCALMENTE ASIGNADO TIPO-LC NÚMERO DE CLASIFICACIÓN (OCLC); NÚMERO DE CLASIFICACIÓN LOCAL (RLIN)
Número de clasificación (OCLC) (R) ; Numero de clasificación, CALL (RLIN) (NR) Tesis O 335
100 ## - ENTRADA PRINCIPAL--NOMBRE DE PERSONA
Nombre de persona Ortíz López, Carlos Gustavo
9 (RLIN) 83997
245 ## - MENCIÓN DE TÍTULO
Título Influencia del mes de parto y número de partos en la producción láctea en un hato lechero de Texcoco y México, D. F. /
Mención de responsabilidad, etc. por Carlos Gustavo Ortíz López
260 ## - PUBLICACIÓN, DISTRIBUCIÓN, ETC.
Lugar de publicación, distribución, etc. Chapingo, Méx. :
Nombre del editor, distribuidor, etc. El autor,
Fecha de publicación, distribución, etc. 1971
300 ## - DESCRIPCIÓN FÍSICA
Extensión 56 h.; apénd.; ilus.
502 ## - NOTA DE TESIS
Nota de tesis Tesis (Ing. Agrónomo Esp. en Zootecnia) -- ENA. Departamento de Zootcnia
650 ## - PUNTO DE ACCESO ADICIONAL DE MATERIA--TÉRMINO DE MATERIA
Término de materia o nombre geográfico como elemento de entrada Ganado lechero
Subdivisión general Fertilidad
9 (RLIN) 45265
650 ## - PUNTO DE ACCESO ADICIONAL DE MATERIA--TÉRMINO DE MATERIA
Término de materia o nombre geográfico como elemento de entrada Leche
Subdivisión general Producción
9 (RLIN) 65400
901 ## - ELEMENTOS DE DATOS A LOCAL LDA (RLIN)
a TESIS O 335
902 ## - ELEMENTOS DE DATOS B LOCAL, LDB (RLIN)
a M
910 ## - DATOS DE OPCIÓN DEL USUARIO (OCLC)
Datos de opción del usuario 1971
942 ## - ELEMENTOS DE PUNTO DE ACCESO ADICIONAL (KOHA)
Tipo de ítem Koha Tesis_
942 ## - ELEMENTOS DE PUNTO DE ACCESO ADICIONAL (KOHA)
Tipo de ítem Koha Tesis_
Holdings
Estado de retiro Estado de pérdida Fuente del sistema de clasificación o colocación Estado dañado Restricciones de uso No para préstamo Código de colección Localización permanente Ubicación/localización actual Fecha de adquisición Fuente de adquisición Total de préstamos Signatura topográfica completa Código de barras Fecha visto por última vez Número de copia Precio válido a partir de Tipo de ítem Koha
    Clasificación Universidad Autónoma de Chapingo   Préstamo interno   Tesis Zootecnia Zootecnia 09/11/2005 El autor   Tesis O78 335 1971 5101000488 18/01/2022 Ej.1 18/01/2022 Tesis